000 01117pam a2200313 a 4500
001 1259
005 20230828133637.0
008 830323s1983 nyu j 000 1 eng
020 _a078073003990
040 _aDLC
_cDLC
_dDLC
_beng
050 0 0 _aPZ7.W933
_bDo 1983
082 0 0 _aFic
_219
100 1 _aWright, Betty Ren.
245 1 4 _aThe dollhouse murders /
_cBetty Ren Wright.
250 _a1st ed.
260 _aNew York :
_bScholastic
_c1983.
300 _a149 pages
_c20 cm.
_bIllustrations
505 _aR
520 _aA dollhouse filled with a ghostly light in the middle of the night and dolls that have moved from where she last left them lead Amy and her retarded sister to unravel the mystery surrounding grisly murders that took place years ago.
521 _a670
_bLexile
521 _aR
_bRaz-Plus
650 1 _aDollhouses
_xFiction.
650 1 _aDolls
_xFiction.
650 1 _aMystery and detective stories.
650 1 _aPeople with mental disabilities
_vFiction.
650 1 _aSisters
_xFiction.
906 _a7
_bcbc
_corignew
_d1
_eocip
_f19
_gy-gencatlg
942 _2ddc
_cBK
_n0
999 _c1259
_d1259